Statistics for Big European cities by rivers

Click here to take the quiz!

General Stats

  • This quiz has been taken 97 times
  • The average score is 15 of 24

Answer Stats

HintAnswer% Correct
DanubeVienna
100%
DanubeBudapest
99%
DanubeBratislava
94%
DanubeBelgrade
92%
RhineCologne
89%
RhineRotterdam
88%
RhôneGeneva
86%
ElbeHamburg
81%
RhôneLyon
75%
RhineStrasbourg
75%
RhineDüsseldorf
71%
RhineBonn
68%
DanubeLinz
68%
DanubeNovi Sad
56%
ElbeDresden
50%
RhineMannheim
49%
RhineUtrecht
45%
RhineDuisburg
44%
RhineMainz
39%
RhineKarlsruhe
38%
ElbeMagdeburg
29%
RhineWiesbaden
21%
DanubeGalati
13%
RhineKrefeld
11%

Score Distribution

Percentile by Number Answered

Percent of People with Each Score

Your Score History

You have not taken this quiz